000 00630nam a2200229Ia 4500
003 OSt
005 20221005122438.0
006 a|||||r|||| 00| 0
007 ta
008 221004b |||||||| |||| 00| 0 eng d
024 _a59088
037 _cTextual
040 _aCRL
_cCRL
_beng
041 _2eng
_aeng
082 _aU8:25355, F6
100 _aBuchanan Francis
_9311842
245 0 _aJournal kept during the survey of the district of Shahabad in 1812-13. ed by CEAW Oldha.
260 _c1926
650 _aGEOGRAPHY
942 _hU8:25355, F6
_cTEXL
_2cc
999 _c1044321
_d1044321